| 000 | 01051nam a22002651i 4500 | ||
|---|---|---|---|
| 001 | 15703 | ||
| 003 | ES-MaACL | ||
| 005 | 20240205165231.0 | ||
| 007 | t| | ||
| 008 | 000504s1981 sp ||||0| spa j | ||
| 016 | 7 | _zIND9600800951 | |
| 020 | _a84-7483-200-4 | ||
| 040 |
_aM-BN _bspa _cCDM |
||
| 080 | _a017.1(468.17 M.)Mus. Provincial. Sabartés, Juan: 75 Picasso | ||
| 080 | _a016:75 Picasso, Pablo | ||
| 100 | 1 |
_aSalinero Portero, José. _9101956 |
|
| 245 | 1 | 0 |
_aLibros sobre Picasso en el Museo de Málaga _b: (el legado Jaime Sabartés) / _cpor José Salinero Portero. |
| 260 |
_a[Madrid : _bMinisterio de Cultura, Dirección General de Bellas Artes, Archivos y Bibliotecas, _cD.L. 1981. |
||
| 300 |
_a311 p : _bil ; _c23 cm. |
||
| 600 | 1 | 4 |
_aPicasso, Pablo, _d1881-1973- _vBibliografías _991795 |
| 610 | 2 | 7 |
_aMuseo de Bellas Artes de Málaga- _vCatálogos. _95846 |
| 710 | 1 |
_aEspaña. _bDirección General de Bellas Artes, Archivos y Bibliotecas. _93705 |
|
| 852 |
_aES-MaACL _jL-23120 _bR.123396 |
||
| 999 |
_c15703 _d15703 |
||